Primera parte de la silua de varios romances (Record no. 187626)

MARC details
000 -LEADER
campo de control de longitud fija 01180nam a2200241 i 4500
001 - NÚMERO DE CONTROL
campo de control 187626
003 - IDENTIFICADOR DE NÚMERO DE CONTROL
campo de control ES-MaACL
005 - FECHA Y HORA DE LA ÚLTIMA TRANSACCIÓN
campo de control 20240607104416.0
008 - DATOS DE LONGITUD FIJA--INFORMACIÓN GENERAL
campo de control de longitud fija 171211m20162017mx |||| | spa d
020 ## - NÚMERO INTERNACIONAL ESTÁNDAR DEL LIBRO
Número Internacional Estándar del Libro 978-84-617-4194-6
080 ## - NÚMERO DE LA CLASIFICACIÓN DECIMAL UNIVERSAL
Número de la Clasificación Decimal Universal 821.134.2-14"15"(082.2)
245 00 - MENCIÓN DEL TÍTULO
Título Primera parte de la silua de varios romances
Resto del título : en que estan recopilados la mayor parte de los romances castellanos que hasta ahora se han compuesto : hay algunas canciones y coplas graciosas y sentidas [Segunda parte...] /
Mención de responsabilidad, etc. estudio de Vicenç Beltran ; [coordina la edición, José J. Labrador Herraiz].
260 ## - PUBLICACIÓN, DISTRIBUCIÓN, ETC.
Lugar de publicación, distribución, etc. México D.F. :
Nombre del editor, distribuidor, etc. Frente de Afirmación Hispanista A.C.,
Fecha de publicación, distribución, etc. 2016-2017.
300 ## - DESCRIPCIÓN FÍSICA
Extensión 2 v,. :
Otras características físicas il. ;
Dimensiones 21 cm.
534 ## - NOTA SOBRE LA VERSIÓN ORIGINAL
Frase introductoria Reproducción de la edición de:
Publicación, distribución, etc. del original Zaragoza : Esteban G. de Nagera, 1550.
650 04 - PUNTO DE ACCESO ADICIONAL DE MATERIA--TÉRMINO DE MATERIA
Término de materia o nombre geográfico como elemento de entrada Romances-
Subdivisión geográfica España.
9 (RLIN) 16935
700 1# - ENTRADA AGREGADA--NOMBRE PERSONAL
Nombre de persona Beltrán, Vicenç,
Fechas asociadas al nombre 1948-
9 (RLIN) 27350
700 1# - ENTRADA AGREGADA--NOMBRE PERSONAL
Nombre de persona Labrador Herraiz, José J.
9 (RLIN) 69288
852 ## - LOCALIZACIÓN
Ubicación ES-MaACL
Número de control de estantería A-14070
Designación de la unidad física v.1
itemnumber 194712
Sublocalización o colección R.151438
Ubicación en estantería Depósito 1
Signatura antigua Olim: N-7070
852 ## - LOCALIZACIÓN
Ubicación ES-MaACL
Número de control de estantería A-14071
Designación de la unidad física v.2
itemnumber 200908
Sublocalización o colección R.151745
Ubicación en estantería Depósito 1
Signatura antigua Olim: N-7071
942 ## - ELEMENTOS DE ENTRADA SECUNDARIOS (KOHA)
Fuente del sistema de clasificación o colocación Clasificación decimal universal
Tipo de ítem Koha Libro impreso
Holdings
Estatus retirado Estado de pérdida Fuente del sistema de clasificación o colocación Estado de daño No para préstamo Biblioteca de origen Biblioteca actual Ubicación en estantería Fecha de adquisición Fuente de adquisición Enumeración/cronología de publicación seriada Total de préstamos Signatura topográfica completa Código de barras Visto por última vez Precio de reemplazo Tipo de ítem Koha
    Clasificación decimal universal     Biblioteca del Ateneo de Madrid Biblioteca del Ateneo de Madrid Depósito 1 11/12/2017 Donación v.1   A-14070 1198176 23/02/2023 23/02/2023 Libro impreso
    Clasificación decimal universal     Biblioteca del Ateneo de Madrid Biblioteca del Ateneo de Madrid Depósito 1 11/12/2017 Donación v.2   A-14071 101206189 13/12/2023 23/02/2023 Libro impreso